书目信息 |
| 题名: |
英语表达词典
|
|
| 作者: | 庄智象 编著 | |
| 分册: | ||
| 出版信息: | 北京 世界图书出版公司 1995.09 |
|
| 页数: | 1187页 | |
| 开本: | 32开 | |
| 丛书名: | ||
| 单 册: | ||
| 中图分类: | H31-62 | |
| 科图分类: | ||
| 主题词: | 英语 | |
| 电子资源: | ||
| ISBN: | 7-5062-2806-8 | |
| 000 | 00549nam0 2200193 45 | |
| 001 | 0003221616 | |
| 005 | 20000322160245.6 | |
| 010 | @a7-5062-2806-8@d44.00元 | |
| 100 | @a20000322d1995 km y0chiy0120 ea | |
| 101 | @achi | |
| 105 | @a z 000yy | |
| 200 | 1 | @a英语表达词典@AYing Yu Biao Da Ci Dian@f庄智象 编著@FZhuang Zhi Xiang Bian Zhu |
| 210 | @a北京@c世界图书出版公司@d1995.09 | |
| 215 | @a1187页@d32开 | |
| 606 | 0 | @a英语 |
| 690 | @aH31-62@v3 | |
| 701 | @a庄智象@4编著 | |
| 801 | @aCN@bPftUser@c20000322 | |
| 905 | @f2@b51625-626@dH31-62@eZH905 | |
| 英语表达词典/庄智象 编著.-北京:世界图书出版公司,1995.09 |
| 1187页;32开 |
| ISBN 7-5062-2806-8:44.00元 |
| ● |
| 相关链接 |
|
|
|
正题名:英语表达词典
索取号:H31-62/ZH905
 
预约/预借
| 序号 | 登录号 | 条形码 | 馆藏地/架位号 | 状态 | 备注 |
| 1 | 51625 | 200516254 | 语言库209/209语言库 94排3列6层/ [索取号:H31-62/ZH905] | 在馆 | |
| 2 | 51626 | 200516263 | 语言库209/209语言库 94排3列6层/ [索取号:H31-62/ZH905] | 在馆 |